| 000 | 00460nam a2200133Ia 4500 | ||
|---|---|---|---|
| 003 | SGT | ||
| 020 | _a9780074519653 | ||
| 082 |
_a658.38153 _bBHA |
||
| 245 | _aBasic electronics and linear circuits | ||
| 260 |
_bTata McGraw Hill Education Private Limited _aNew Delhi _c2009 |
||
| 650 | _aELECTRONICS ENGINEERING | ||
| 653 | _aINTRODUCTION TO ELECTRONICS, CURRENT AND VOLTAGE SOURCE, SEMICONDUCTOR PHYSICS, SEMICONDUCTOR DIODE, TRANSISTORS | ||
| 942 |
_cBK _2ddc _017 |
||
| 999 |
_c4931 _d4931 |
||